00580 2200217 4500001002100000005001500021035002000036007000300056008004100059020001800100082001100118084001700129100002000146245007300166250001100239260003100250300003900281600002100320990001000341990001100351INLIS00000000000714720210310110142 a0010-0321000517ta210310 g 0 ind  a9789790756025 a332.02 a332.02 RIC h0 aRichard Templar1 aHemat Tanpa Sengsara :b100 Tips Unik Untuk Hemat /cRichard Templar aCet. 1 aJakarta :bErlangga,c2010 axii, 202 hlm :b. ;c13 x 19,5 hlm 4aKEUANGAN PRIBADI a14016 a14016a